| 000 | 00392cam a2200157ua 4500 | ||
|---|---|---|---|
| 041 |
_aeng _h |
||
| 082 |
_a828.09 _bGUE/CO |
||
| 100 | _aGuerard, Albert T . | ||
| 245 |
_aConard the novelist / _cAlbert T Guerard. _hTextual Documents |
||
| 250 |
_a1 / _b. |
||
| 260 |
_aLondon : _bHarward University Press , _c1958. |
||
| 300 | _a322 ; . | ||
| 504 | _a | ||
| 942 | _cBK | ||
| 999 |
_c8605 _d8605 |
||